El espantapájaros = Scarecrow /

El tercer largometraje dirigido por el neoyorkino Jerry Schatzberg gira en torno a la extraña amistad que entablan en la carretera un rudo ex convicto, quien desea abrir un negocio de lavado de automóviles en Pittsburgh, y un ex marino que adopta a veces actitudes pueriles, quien después de cinco añ...

Olles dieđut

Furkejuvvon:
Bibliográfalaš dieđut
Váldodahkki: Schatzberg, Jerry (realización)
Eará dahkkit: White, Garry Michael (guión) (guión), Zsigmond, Vilmos (fotógrafo) (fotógrafo), Lottman, Evan A. (montaje) (montaje), Myrow, Fred (música) (música), Hackman, Gene (actuación) (actuación), Pacino, Al (actuación) (actuación), Tristan, Dorothy (actuación) (actuación), Anson, Jay (guión) (guión), Desind, Walter (montaje) (montaje)
Materiálatiipa: Dia
Giella:eaŋgalasgiella
Almmustuhtton: Burbank, EUA : EUA : Warner Brothers ; Professional Films : Robbins Nest Productions, 2001, c1973
Fáttát:
Fáddágilkorat: Lasit fáddágilkoriid
Eai fáddágilkorat, Lasit vuosttaš fáddágilkora!

MARC

LEADER 00000ngm^a2200000^a^4500
001 000193599
005 20250521000000.0
009 20260310102647.437
037 |a Acervo ITESO - Biblioteca 
041 |a ING 
082 |a 810.  |b SCH 
100 |a Schatzberg, Jerry  |e (realización) 
240 1 4 |a [El espantapájaros] 
245 1 3 |a El espantapájaros =  |b Scarecrow /  |c Realización de J. Schatzberg. 
246 2 |a Título de exhibición cinematográfica en México: Espantapájaros 
246 2 |a Título en la pantalla: En el camino con: Scarecrow 
264 4 |a Burbank, EUA :  |b Warner Brothers ;  |a EUA :  |b Professional Films :  |b Robbins Nest Productions,  |c 2001, c1973 
264 2 |a México :  |b Warner Brothers [distribución],  |c 2005, c2005 
300 |a 1 DVD regiones 1 y 4  |c (112, 4 min.) 
336 |a imagen móvil bidimensional  |b tdi  |2 rdacontenido 
337 |a video  |b v  |2 rdamedio 
338 |a videodisco  |b vd  |2 rdasoporte 
520 |a El tercer largometraje dirigido por el neoyorkino Jerry Schatzberg gira en torno a la extraña amistad que entablan en la carretera un rudo ex convicto, quien desea abrir un negocio de lavado de automóviles en Pittsburgh, y un ex marino que adopta a veces actitudes pueriles, quien después de cinco años en el mar busca regresar a casa para conocer a su hijo y conciliarse con su esposa. 
520 |a Suplementos y características especiales (suplementos y características especiales): 1) De viaje con El espantapájaros (4 min., sin fecha; en inglés, con subtítulos opcionales: español, chino, coreano, japonés), reportaje sobre la filmación de la película, y 2) Avance cinematográfico original (3 min.; en inglés, con subtítulos opcionales: chino). 
546 |a En inglés, con subtítulos opcionales: español, chino, coreano, inglés, japonés 
586 |a Festival Internacional de Cine de Cannes (26º: 1973): Premio a la Mejor Película, ex-aequo (Gran Premio) 
649 |a XX 
650 |a Road Movies 
650 |a Dramas Cinematográficos 
650 |a Cine Norteamericano -  |y 1970-1979 
650 |a Cine Norteamericano -  |y Siglo XX 
650 |a Vagabundeo 
650 |a Amistad 
740 0 |a De viaje con El espantapájaros =  |b On the Road with : Scarecrow / 
700 |a White, Garry Michael  |e (guión) 
700 |a Zsigmond, Vilmos  |e (fotógrafo) 
700 |a Lottman, Evan A.  |e (montaje) 
700 |a Myrow, Fred  |e (música) 
700 |a Hackman, Gene  |e (actuación) 
700 |a Pacino, Al  |e (actuación) 
700 |a Tristan, Dorothy  |e (actuación) 
700 |a Anson, Jay  |e (guión) 
700 |a Desind, Walter  |e (montaje) 
910 |a Fondo General 
920 |a Audiovisuales - DVDs 
940 |a Películas 
905 |a 302 
901 |a 0900072790  |b IT2  |c DVS  |u 20250521 
902 |a https://opac.biblio.iteso.mx/vufind/Record/000193599